[Event "PNWCC-Pirot Hybrid m3"]
[Site "Chess.com INT"]
[Date "2021.10.23"]
[Round "1"]
[White "Li, Eric"]
[Black "Djokic, Nenad"]
[Result "1-0"]
[WhiteElo "2320"]
[BlackElo "2298"]
[PlyCount "97"]
[EventDate "2021.10.23"]
[EventType "team-match"]
[EventRounds "4"]
[EventCountry "USA"]
[SourceTitle "CBM 204 Extra"]
[Source "ChessBase"]
[SourceDate "2021.11.30"]
[SourceVersion "1"]
[SourceVersionDate "2021.11.30"]
[SourceQuality "1"]
[WhiteTeam "PNWCC"]
[BlackTeam "Pirot"]
[WhiteTeamCountry "USA"]
[BlackTeamCountry "SRB"]

1. d4 Nf6 2. c4 e6 3. g3 Bb4+ 4. Bd2 c5 5. Bxb4 cxb4 6. Bg2 0-0 7. Nf3 d6 8. 0-0 Nc6 9. a3 bxa3 10. Nxa3 e5 11. Nb5 a5 12. e3 Bg4 13. h3 Bxf3 14. Qxf3 Qe7 15. Rfd1 Rfd8 16. Ra4 Rac8 17. d5 Nb8 18. Rxa5 Rxc4 19. Qe2 Rcc8 20. Na7 Rc7 21. Ra3 Nbd7 22. Qb5 h5 23. Qb4 Nc5 24. Nb5 Rcc8 25. h4 e4 26. Bh3 Rb8 27. Qd4 Nfd7 28. b4 Na6 29. Rc1 Qe5 30. Rc4 Qxd4 31. Rxd4 Nf6 32. Bf5 g6 33. Bxe4 Rbc8 34. Bd3 Rc1+ 35. Kg2 Kf8 36. Nc3 Nc7 37. Rc4 Nce8 38. Ra7 Ng4 39. Ne4 Rd1 40. Be2 Rxd5 41. Bxg4 hxg4 42. Rxb7 f5 43. Ng5 Re5 44. Nf7 Ra8 45. Nxe5 dxe5 46. Rc6 Ra2 47. Rc8 Ra5 48. Rc1 Rd5 49. Rc6 1-0